00889nam a2200241Ia 4500001000600000003000900006008004100015040001300056040001300069041001300082100002200095100002900117245006400146245006500210250001100275260001100286260001100297260004900308300005500357500016100412650004300573650003100616H2696IT-RoPAU130308s9999 xx 000 0 und d aIT-RoPAU cIT-RoPAU aITALIANO aArgentieri Simona gCodice Aut. SPICS: 17648 aViolenza e ambiguità: alla ricerca delle emozioni perdute bSilenzio degli innocenti (Il). Adolescenti, Media e Violenza a1a ed. aTORINO bLindau c2003 [1° Ed.:2003 - Ed.Ling.Originale:2003] a"8 p. (prefazione: no ; testo: 8 [pagine: 55-62])" aIstinto Animale o Conseguenza della Frustrazione? sadismo e Crudeltà. binomio Cinema Violenza. violenza di ieri e di Oggi. Dalle Emozioni Alle Sensazioni. aPSICOLOGIA DELLA COMUNICAZIONE SOCIALE eCodice materia Spics: 3805